000 00393nam a2200157 a 4500
005 20140414093837.0
008 030922s19uu xx 00 eng d
050 _aVCD 932
_bCLE 1999
245 _aCleopatra's palace :
_bdiscovery channel.
650 _aArcheology.
650 _aEgypt
_xHistory.
650 _aDocumentary films.
650 _aHistory.
942 _cAVM
999 _c109099
_d109099